[Las iglesias palatinas de la capital del reino asturiano] (Record no. 139897)

MARC details
000 -LEADER
campo de control de longitud fija 00603nam a2200169 4500
001 - NÚMERO DE CONTROL
campo de control 139897
003 - IDENTIFICADOR DE NÚMERO DE CONTROL
campo de control ES-MaACL
005 - FECHA Y HORA DE LA ÚLTIMA TRANSACCIÓN
campo de control 20230906195936.0
007 - CAMPO FIJO DE DESCRIPCIÓN FÍSICA--INFORMACIÓN GENERAL
campo de control de longitud fija t|
008 - DATOS DE LONGITUD FIJA--INFORMACIÓN GENERAL
campo de control de longitud fija 070214s1977 sp r ||||1| spa d
100 1# - ENTRADA PRINCIPAL--NOMBRE DE PERSONA
Nombre de persona Schlunk, Helmut.
9 (RLIN) 104439
245 11 - MENCIÓN DEL TÍTULO
Título [Las iglesias palatinas de la capital del reino asturiano]
Resto del título : discurso del Dr. Helmut Schlunk en el acto de su investidura como Doctor Honoris Causa por la Universidad de Oviedo.
260 ## - PUBLICACIÓN, DISTRIBUCIÓN, ETC.
Lugar de publicación, distribución, etc. Oviedo :
Nombre del editor, distribuidor, etc. Universidad,
Fecha de publicación, distribución, etc. 1977.
300 ## - DESCRIPCIÓN FÍSICA
Extensión 11 p. ;
Dimensiones 24 cm.
710 2# - ENTRADA AGREGADA--NOMBRE DE ENTIDAD CORPORATIVA
Nombre de entidad corporativa o nombre de jurisdicción como elemento de entrada Universidad de Oviedo.
9 (RLIN) 7260
852 ## - LOCALIZACIÓN
Ubicación ES-MaACL
Número de control de estantería 2103-F-33
Sublocalización o colección R.95768
Holdings
Estatus retirado Estado de pérdida Estado de daño No para préstamo Colección Biblioteca de origen Biblioteca actual Ubicación en estantería Fecha de adquisición Fuente de adquisición Total de préstamos Signatura topográfica completa Código de barras Visto por última vez Precio de reemplazo Tipo de ítem Koha
        Colección de folletos Biblioteca del Ateneo de Madrid Biblioteca del Ateneo de Madrid Depósito folletos 17/01/2008     2103-F-33 1145581 23/02/2023 23/02/2023 Folleto